| 000 | 00552cam a22001815a 4500 | ||
|---|---|---|---|
| 001 | ##L132943 | ||
| 008 | 060324s1932 000 0 eng u | ||
| 035 | _a(Sirsi) u132943 | ||
| 041 | 0 | _aeng | |
| 050 | 0 | 4 | _a333.0062 $2 18 |
| 110 | 2 |
_aChartered Surveyors' Institution _92274 |
|
| 245 | 0 | 0 | _aCharters and by-laws |
| 260 |
_aLondon _bChartered Surveyors' Institution _c1932 |
||
| 300 |
_a50p. _c22cm. |
||
| 651 | 4 |
_aGreat Britain _y1707- |
|
| 690 | _aABOUT RICS-RICS STRUCTURE AND GOVERNANCE-RICS REGULATIONS-RICS CONDUCT REGULATIONS | ||
| 942 | _n0 | ||
| 999 |
_c105286 _d105286 |
||